| 000 | 00000nam##2200000za#4500 |
| 001 | 9.662051 |
| 003 | CaOODSP |
| 005 | 20210615120342 |
| 007 | ta |
| 008 | 150407|2000||||xxc||||| f|0| 0 eng|d |
| 020 | |a0-662-65132-4 |
| 040 | |aCaOODSP|beng |
| 041 | |aeng |
| 041 | |afre |
| 043 | |an-cn--- |
| 086 | 1 |aF2-83/1999 |
| 110 | 1 |aCanada. |bDepartment of Finance. |
| 245 | 10|aStructure and role |
| 260 | |aOttawa - Ontario : |bFinance Canada |c2000. |
| 300 | |aEnglish text, 30p. : |bgraphs ; |c24 cm. |
| 546 | |aBilingual |
| 563 | |aSoftcover |
| 590 | |a00-32|b2000-08-11 |
| 690 | 07|aFinance|2gcpds |
| 776 | 0#|tStructure and role |w(CaOODSP)9.696455 |
| 776 | 0#|tStructure et rôle |w(CaOODSP)9.640570 |
| 792 | |tStructure et rôle |efre|w(CaOODSP)9.662052 |